000 00957nam a2200301 4500
001 23117
003 BD-RjUL
005 20211209000907.0
008 140310s1973 enkab b 001 0 eng
020 _a0224009257
035 _a(BD-RjUL)23182
040 _aDLC
_cDLC
_dDLC
_dBD-RjUL
_beng
041 _aeng
082 0 0 _a915.103
_bGAT 1973
100 1 _aGascoigne, Bamber.
_971281
245 1 4 _aThe treasures and dynasties of China /
_cwith photographs taken in China by Christina Gascoigne and Derrick Witty.
260 _aLondon :
_bCape,
_cc1973.
300 _a256 p. :
_bill. (some col.), map. ;
_c26 cm.
350 _a£4.95
504 _aBibliography: p. 248-249. and index.
650 0 _aArt, Chinese.
_950549
651 0 _aChina
_xCivilization.
_971282
700 1 _aGascoigne, Christina,
_d1938 or 1939-
_eillus.
_971283
700 1 _aWitty, Derrick,
_eillus.
_971284
942 _2ddc
_cBK
999 _c23117
_d23117